The third world
Αποθηκεύτηκε σε:
| Κύριος συγγραφέας: | |
|---|---|
| Μορφή: | Βιβλίο |
| Γλώσσα: | English |
| Δημοσίευση: |
London :
Weidenfeld & Nicolson,
1964
|
| Σειρά: | Nature of human society series
|
| Θέματα: | |
| Ετικέτες: |
Προσθήκη ετικέτας
Δεν υπάρχουν, Καταχωρήστε ετικέτα πρώτοι!
|
MARC
| LEADER | 00000cam a2200000 i 4500 | ||
|---|---|---|---|
| 001 | 1/6927 | ||
| 008 | 000618s1964 eng d | ||
| 035 | |l 10062104 | ||
| 040 | |a GR-MY-UA |b gre |e aacr | ||
| 041 | 0 | |a eng | |
| 082 | 0 | |a 320.967 | |
| 100 | 1 | |a Worsley, Peter, |d 1924-2013. | |
| 245 | 1 | 4 | |a The third world / |c Peter Worsley |
| 260 | |a London : |b Weidenfeld & Nicolson, |c 1964 | ||
| 300 | |a 373 p. | ||
| 490 | 1 | |a The nature of human society series | |
| 504 | |a Bibliography: p. 349-364, index: p. 365-373 | ||
| 651 | 0 | |a Africa, Sub-Saharan |x Politics and government |y 1960- | |
| 651 | 0 | |a Developing countries |x Politics and government. | |
| 830 | 0 | |a Nature of human society series | |
| 852 | |a INST |b LESVOS |e 20000618 |h 320.967 WOR |p 005100020502 |q 005100020502 |t BK |y 0 | ||
| 909 | |a Λ |b 034399 | ||
| 970 | |z 2000/06/ΟΙΚΟΝΟΜΟΠΟΥΛΟΥ ΧΡΙΣΤΙΝΑ | ||